Eros pervertido : la novela decadente en el modernismo hispanoaericano /
Salvato in:
| Autore principale: | |
|---|---|
| Natura: | Sconosciuto |
| Lingua: | Spanish |
| Pubblicazione: |
San José, Costa Rica :
Edit. de la Universidad de Costa Rica,
2010.
|
| Soggetti: | |
| Tags: |
Aggiungi Tag
Nessun Tag, puoi essere il primo ad aggiungerne!!
|
MARC
| LEADER | 000000000a22000000004500 | ||
|---|---|---|---|
| 001 | 015759 | ||
| 020 | |a 9878499400846 | ||
| 041 | 0 | |a spa | |
| 082 | 0 | 4 | |a A863.09 |b P743e |
| 100 | 1 | |a Poe, Karen | |
| 245 | 1 | 0 | |a Eros pervertido : |b la novela decadente en el modernismo hispanoaericano / |c Karen Poe. |
| 260 | 1 | |a San José, Costa Rica : |b Edit. de la Universidad de Costa Rica, |c 2010. | |
| 300 | |a 249 páginas | ||
| 500 | |a La Biblioteca contiene ejemplares con número de inscripción 14455 y 14454 | ||
| 650 | 4 | |a LITERATURA HISPANOAMERICANA | |
| 650 | 4 | |a NOVELA | |
| 650 | 4 | |a HISTORIA Y CRITICA | |
| 999 | |c 21590 |d 21590 | ||
| 942 | |c BK |h A863.09 P743e |2 z | ||
